| 000 | 01794nam1a22002531i 4500 | ||
|---|---|---|---|
| 001 | rc\2347147 | ||
| 005 | 20260408004522.0 | ||
| 035 | _a(NLR Aleph) 008785543 | ||
| 090 |
_a8008859 _c8008859 |
||
| 100 | _a20110829d1977 |||y0rusy50 ca | ||
| 101 | 0 | _arus | |
| 102 | _aRU | ||
| 105 | _ay z ||||| | ||
| 200 | 1 |
_aТезисы докладов и сообщений... _fМ-во просвещ. СССР. М-во просвещ. РСФСР. Моск. гос. пед. ин-т им. В.И. Ленина. Науч. совет АН СССР по комплексной проблеме "История Великой Октябрьской соц. революции". Всесоюз. науч.-практ. конф. по проблеме "Великая Октябрьская соц. революция и освещение ее всемирно-ист. значения в преподавании обществ. наук и ист. дисциплин в высш. пед. школе". 13-15 сент. |
|
| 210 |
_aМосква _cБ. и. _d1977 |
||
| 215 | _d21 | ||
| 710 | 1 | 2 |
_aВсесоюзная научно-практическая конференция по проблеме "Великая Октябрьская социалистическая революция и освещение ее всемирно-исторического значения в преподавании общественных наук и исторических дисциплин в высшей педагогической школе" _f1977 _eМосква _3RU\NLR\AUTH\8810169205 _9834199 |
| 801 | 0 |
_aRU _bNLR _gpsbo |
|
| 801 | 1 |
_aRU _bELAR _2rusmarc |
|
| 801 | 2 |
_aRU _bNLR _c20111216 _2rusmarc |
|
| 852 |
_aNLR _j77-4/23682 |
||
| 899 |
_aRuMoRGB _jБ 77-37/231 |
||
| 899 |
_aRuMoRGB _jБ 77-37/233 |
||
| 942 | _cBOOK | ||